Divergent series

Kaydedildi:
Detaylı Bibliyografya
Yazar: Hardy, Godfrey Harold (Yazar)
Materyal Türü: Kitap
Dil:İngilizce
Baskı/Yayın Bilgisi: Oxford Clarendon Press 1949
Konular:
Etiketler: Etiketle
Etiket eklenmemiş, İlk siz ekleyin!

MARC

LEADER 00000nam a2200000 a 4500
001 UCW1297
003 CL-VaPUC
008 920103e19490000UK |||||||||||||||||eng|d
082 0 4 |a 515.243  |b HAR  |2 21 
100 |a Hardy, Godfrey Harold  |e author  |9 424113 
245 1 0 |a Divergent series 
300 |a 396 p 
942 |c BK 
945 |d 19920103 00:00:00 
260 |a Oxford  |b Clarendon Press  |c 1949 
650 7 |a SERIES DIVERGENTES  |2 CL-VaPUC  |9 270734 
583 |a last modification  |c 19920103 00:00:00  |k Rodrigo Vera 
999 |c 216212  |d 216210 
952 |0 0  |1 0  |4 0  |6 515_243000000000000_HAR_1949  |7 0  |8 A  |9 201718  |a BIBMAT  |b BIBMAT  |d 2019-11-14  |i 2689642  |o 515.243 HAR 1949  |p 2689642  |r 2025-01-07  |w 2019-11-14  |y BK  |k MAT